书目信息 |
| 题名: |
数学的创造
|
|
| 作者: | 吴振奎 , 吴旻 编著 | |
| 分册: | ||
| 出版信息: | 上海 上海教育出版社 2003.06 |
|
| 页数: | 464页, [2] 叶图版 | |
| 开本: | 20cm | |
| 丛书名: | ||
| 单 册: | ||
| 中图分类: | O1-49 | |
| 科图分类: | ||
| 主题词: | 数学--shu xue--普及读物 | |
| 电子资源: | ||
| ISBN: | 7-5320-8779-4 | |
| 000 | 00767nam0 2200241 450 | |
| 001 | 012007049766 | |
| 005 | 20071010110053.10 | |
| 010 | @a7-5320-8779-4@dCNY25.00 | |
| 100 | @a20070605d2003 km y0chiy0120 ea | |
| 101 | 0 | @achi |
| 102 | @aCN@b310000 | |
| 105 | @aaf a 000yy | |
| 200 | 1 | @a数学的创造@Ashu xue de chuang zao@f吴振奎, 吴旻编著@Fwu zhen kui,wu min bian zhu |
| 210 | @a上海@c上海教育出版社@d2003.06 | |
| 215 | @a464页, [2] 叶图版@c图@d20cm | |
| 320 | @a有书目。 | |
| 330 | @a本书共分四篇内容,介绍了数学中的推广;数学中的反例;数学中的不可能问题;数学中的未解问题等。 | |
| 606 | 0 | @a数学@Ashu xue@j普及读物 |
| 690 | @aO1-49@v4 | |
| 701 | 0 | @a吴振奎@Awu zhen kui@4编著 |
| 701 | 0 | @a吴旻@Awu min@4编著 |
| 801 | 0 | @aCN@c20071010 |
| 905 | @dO1-49@eW923 | |
| 数学的创造/吴振奎, 吴旻编著.-上海:上海教育出版社,2003.06 |
| 464页, [2] 叶图版:图;20cm |
| ISBN 7-5320-8779-4:CNY25.00 |
| 本书共分四篇内容,介绍了数学中的推广;数学中的反例;数学中的不可能问题;数学中的未解问题等。 |
| ● |
| 相关链接 |
|
|
|
正题名:数学的创造
索取号:O1-49/W923
 
预约/预借
| 序号 | 登录号 | 条形码 | 馆藏地/架位号 | 状态 | 备注 |
| 1 | 243526 | 202435267 | 自科库401/401自科库 105排5列4层/ [索取号:O1-49/W923] | 在馆 | |
| 2 | 243527 | 202435276 | 自科库401/401自科库 105排5列4层/ [索取号:O1-49/W923] | 在馆 |